Europa w 1805 - Statystyki

Ogólne statystyki
  • Ten quiz został rozwiązany 68 razy
  • Średni wynik to 12 z 39
Statystyki odpowiedzi
Odpowiedź % Poprawnych
Imperium Rosyjskie
93%
Imperium Francuskie
91%
Wielka Brytania i Irlandia
88%
Imperium Austriackie
86%
Królestwo Pruskie
84%
Królestwo Hiszpani
79%
Imperium Osmańskie
73%
Królestwo Szwecji
73%
Portugalia
73%
Elektorat Saksonii
45%
Elektorat Bawarii
43%
Królestwo Włoch
43%
Szwajcaria
39%
Królestwo Neapolu
36%
Królestwo Sardynii
30%
Państwo Kościelne
30%
San Marino
30%
Księstwo Andory
29%
Czarnogóra
21%
Królestwo Danii i Norwegii
21%
Księstwo Bergu
21%
Elektorat Badenii
13%
Księstwo Parmy
11%
Księstwo Oldenburgu
7%
Republika Batawska
7%
Księstwa Nassau
5%
Księstwo Nassau-Orange-Fulda
5%
Elektorat Salzburgu
4%
Królestwo Wirtembergii
4%
Landgrawiat Hesse-Kassel
2%
Republika Rodańska
2%
Elektorat Würzburga
0%
Królestwo Eturii
0%
Księstwo Arenbergu
0%
Księstwo Lukki i Piombino
0%
Księstwo Resenburgu
0%
Księstwo Salmu
0%
Republika Liguryjska
0%
Republika Ragusy
0%
Nie znaleziono quizów pasujących do podanych kryteriów
Rozkład punktacji
Procent ludzi z każdym wynikiem
Percentyl według liczby udzielonych odpowiedzi
Twoja historia wyników
Nie rozwiązałeś tego quizu